LEADER 00378nas 2200157z- 450 001 9910872296303321 035 $a(CKB)4920000004029425 035 $a(EXLCZ)994920000004029425 100 $a20240716cuuuuuuuu -u- - 101 0 $aeng 200 00$aNursing Ethics 210 $aEngland 906 $aJOURNAL 912 $a9910872296303321 996 $aNursing ethics$91935646 997 $aUNINA